书目信息 |
| 题名: |
监狱读书俱乐部
|
|
| 作者: | 沃姆斯利 著 ;邹虹 译 | |
| 分册: | ||
| 出版信息: | 上海 上海三联书店 2018 |
|
| 页数: | 274页 | |
| 开本: | 21cm | |
| 丛书名: | 书店的灯光 | |
| 单 册: | ||
| 中图分类: | I711.55 | |
| 科图分类: | ||
| 主题词: | 纪实文学--ji shi wen xue--加拿大--现代 | |
| 电子资源: | ||
| ISBN: | 978-7-5426-6232-3 | |
| 000 | 01492nam 2200313 450 | |
| 001 | 012001006737 | |
| 005 | 20131017144447.0 | |
| 010 | @a978-7-5426-6232-3@dCNY42.00 | |
| 099 | @aCAL 012018088738 | |
| 100 | @a20180609d2018 em y0chiy50 ea | |
| 101 | 1 | @achi@ceng |
| 102 | @aCN@b310000 | |
| 105 | @ay a 000zd | |
| 106 | @ar | |
| 200 | 1 | @a监狱读书俱乐部@Ajian yu du shu ju le bu@f(加) 安·沃姆斯利著@d= The prison book club@fAnn Walmsley@g邹虹译@zeng |
| 210 | @a上海@c上海三联书店@d2018 | |
| 215 | @a274页@d21cm | |
| 225 | 2 | @a书店的灯光@Ashu dian de deng guang |
| 314 | @a安·沃姆斯利, 杂志记者, 多篇作品发表于加拿大权威杂志《环球邮报》及《麦克琳》。邹虹, 毕业于北京外国语大学英语学院, 中国电力作协会员。 | |
| 320 | @a有书目 (第267-271页) | |
| 330 | @a应作者沃姆斯利女士的请求, 监狱读书俱乐部中, 有6位成员多次与作者进行了一对一的访谈。飞车党格兰汉姆, 枪击案犯弗兰克, 毒品走私犯本与德莱德, 以及抢劫犯加斯顿与皮特。作者根据自己的调查与了解, 以及犯人本人的陈述, 将他们的经历一一陈述, 并跟踪了他们出狱后的生活。读书改变了狱友, 狱友们改变了作者。本书既有着悲悯的情怀, 又有着诙谐的笔触, 让我们洞悉监狱生活及刑罚体系, 就让我们翻开书, 开启这一段救赎之旅吧。 | |
| 410 | 0 | @12001 @a书店的灯光 |
| 500 | 10 | @aPrison book club@mChinese |
| 606 | 0 | @a纪实文学@Aji shi wen xue@y加拿大@z现代 |
| 690 | @aI711.55@v5 | |
| 701 | 1 | @a沃姆斯利@Awo mu si li@g(Walmsley, Ann)@4著 |
| 702 | 0 | @a邹虹@Azhou hong@4译 |
| 801 | 2 | @aCN@b上海新华@c20191020 |
| 905 | @b1175270-3@dI711.55@e67@f4 | |
| 监狱读书俱乐部/(加) 安·沃姆斯利著= The prison book club/Ann Walmsley/邹虹译.-上海:上海三联书店,2018 |
| 274页;21cm.-(书店的灯光) |
| ISBN 978-7-5426-6232-3:CNY42.00 |
| 应作者沃姆斯利女士的请求, 监狱读书俱乐部中, 有6位成员多次与作者进行了一对一的访谈。飞车党格兰汉姆, 枪击案犯弗兰克, 毒品走私犯本与德莱德, 以及抢劫犯加斯顿与皮特。作者根据自己的调查与了解, 以及犯人本人的陈述, 将他们的经历一一陈述, 并跟踪了他们出狱后的生活。读书改变了狱友, 狱友们改变了作者。本书既有着悲悯的情怀, 又有着诙谐的笔触, 让我们洞悉监狱生活及刑罚体系, 就让我们翻开书, 开启这一段救赎之旅吧。 |
| ● |
| 相关链接 |
|
|
|
|
正题名:监狱读书俱乐部
索取号:I711.55/67
 
预约/预借
| 序号 | 登录号 | 条形码 | 馆藏地/架位号 | 状态 | 备注 |
| 1 | 1175270 | 211752708 | 第一样本阅览室/ [索取号:I711.55/67] | 在馆 | |
| 2 | 1175271 | 211752717 | 第二借阅区/ [索取号:I711.55/67] | 在馆 | |
| 3 | 1175272 | 211752726 | 第二借阅区/ [索取号:I711.55/67] | 在馆 | |
| 4 | 1175273 | 211752735 | 第二借阅区/ [索取号:I711.55/67] | 在馆 |